Sejarah Terengganu (Record no. 6785)

MARC details
000 -LEADER
fixed length control field 00731nam a2200265 i 4500
001 - CONTROL NUMBER
control field C2-0052031
003 - CONTROL NUMBER IDENTIFIER
control field PPAK
005 - DATE AND TIME OF LATEST TRANSACTION
control field 20190630222059.0
008 - FIXED-LENGTH DATA ELEMENTS--GENERAL INFORMATION
fixed length control field 970225s1982 my |||| ||||| | may d
040 ## - CATALOGING SOURCE
Original cataloging agency PPAK
Language of cataloging eng
Transcribing agency PPAK
Description conventions rda
082 04 - DEWEY DECIMAL CLASSIFICATION NUMBER
Classification number 959.5122
Edition number 23
090 00 - LOCALLY ASSIGNED LC-TYPE CALL NUMBER (OCLC); LOCAL CALL NUMBER (RLIN)
Classification number (OCLC) (R) ; Classification number, CALL (RLIN) (NR) 959.5122
Feature heading BUY
Feature heading G
Classification number (OCLC) (R) ; Classification number, CALL (RLIN) (NR) 959.5122
Feature heading BUY
Feature heading KK
Classification number (OCLC) (R) ; Classification number, CALL (RLIN) (NR) 959.5122
Feature heading BUY
Feature heading KMI
Classification number (OCLC) (R) ; Classification number, CALL (RLIN) (NR) 959.5122
Feature heading BUY
Feature heading R
100 0# - MAIN ENTRY--PERSONAL NAME
Personal name Buyong bin Adil, Haji,
Relator term author
245 10 - TITLE STATEMENT
Title Sejarah Terengganu
264 #1 - PRODUCTION, PUBLICATION, DISTRIBUTION, MANUFACTURE, AND COPYRIGHT NOTICE
Place of production, publication, distribution, manufacture Kuala Lumpur :
Name of producer, publisher, distributor, manufacturer Dewan Bahasa dan Pustaka ,
Date of production, publication, distribution, manufacture, or copyright notice 1982
300 ## - PHYSICAL DESCRIPTION
Extent ix, 223 pages ;
Dimensions 21 cm
336 ## - CONTENT TYPE
Source rdacontent
Content type term text
337 ## - MEDIA TYPE
Source rdamedia
Media type term unmediated
338 ## - CARRIER TYPE
Source rdacarrier
Carrier type term volume
650 10 - SUBJECT ADDED ENTRY--TOPICAL TERM
Topical term or geographic name entry element Terengganu - History.
942 ## - ADDED ENTRY ELEMENTS (KOHA)
-- dc
Koha item type Book
Holdings
Withdrawn Not for loan Current library Shelving location Date acquired Full call number Barcode Date last seen Koha item type
  Not For Loan Perpustakaan Alor Setar Koleksi Kedah 18/07/1999 KK 959.5122 BUY A00153072 08/05/2018 Book
  Not For Loan Perpustakaan Alor Setar Koleksi Kedah 18/07/1999 KK 959.5122 BUY A00153073 08/05/2018 Book
  Not For Loan Perpustakaan Alor Setar Koleksi Prof. Dr. Muhammad Isa Othman 08/06/2011 KMI 959.5122 BUY A00384746 08/05/2018 Book
  Not For Loan Perpustakaan Langkawi Rujukan Dewasa 08/11/2005 R 959.5122 BUY A00356419 08/05/2018 Book